Southville International School and Colleges
Your cart is empty.
  • Cart
  • Lists
    Public lists Eva Luna New books Lux_list list_1
    Your lists Log in to create your own lists
  • Log in to your account
  • Your cookies
  • Search history
Southville International School and Colleges
  • Advanced search
  • Recent comments
  • Most popular
  • Libraries

Log in to your account

Log in with GOOGLE


If you do not have an external account, but do have a local account, you can still log in:

  1. Home
  2. MARC view: The sister of the South /
Normal view MARC view ISBD view

The sister of the South / (Record no. 33650)

[ view plain ]
MARC details
000 -LEADER
fixed length control field 01336cam a22003497a 4500
001 - CONTROL NUMBER
control field 14100116
003 - CONTROL NUMBER IDENTIFIER
control field OSt
005 - DATE AND TIME OF LATEST TRANSACTION
control field 20140410095825.0
008 - FIXED-LENGTH DATA ELEMENTS--GENERAL INFORMATION
fixed length control field 050908t20052004nyub b 000 f eng d
010 ## - LIBRARY OF CONGRESS CONTROL NUMBER
LC control number 2005281336
020 ## - INTERNATIONAL STANDARD BOOK NUMBER
International Standard Book Number 9780439633765 (pbk.)
020 ## - INTERNATIONAL STANDARD BOOK NUMBER
International Standard Book Number 0439633761 (pbk.)
035 ## - SYSTEM CONTROL NUMBER
System control number (OCoLC)ocm57673729
040 ## - CATALOGING SOURCE
Original cataloging agency IF9
Transcribing agency IF9
Modifying agency OCLCQ
-- XY4
-- OCL
-- VP@
-- BAKER
-- LEO
-- DLC
042 ## - AUTHENTICATION CODE
Authentication code lccopycat
050 ## - LIBRARY OF CONGRESS CALL NUMBER
Classification number PZ 7
Item number .R686d4 2004
100 1# - MAIN ENTRY--PERSONAL NAME
Personal name Rodda, Emily.
9 (RLIN) 20594
245 14 - TITLE STATEMENT
Title The sister of the South /
Statement of responsibility, etc Emily Rodda.
250 ## - EDITION STATEMENT
Edition statement 1st American ed.
260 ## - PUBLICATION, DISTRIBUTION, ETC. (IMPRINT)
Place of publication, distribution, etc New York :
Name of publisher, distributor, etc Scholastic,
Date of publication, distribution, etc 2005, c2004.
300 ## - PHYSICAL DESCRIPTION
Extent 205 p. :
Other physical details maps ;
Dimensions 19 cm.
490 0# - SERIES STATEMENT
Series statement Dragons of Deltora ;
Volume number/sequential designation 4
520 ## - SUMMARY, ETC.
Summary, etc Lief, Barda, and Jasmine have successfully destroyed three of the Four Sisters, evil Shadow Lord creations that are poisoning their land. Now they must head to the city of Del where Sister of the South lies hidden.
521 ## - TARGET AUDIENCE NOTE
Target audience note
526 ## - STUDY PROGRAM INFORMATION NOTE
Reading level 800
562 ## - COPY AND VERSION IDENTIFICATION NOTE
Number of copies For circulation. 1 copy available in the collection
650 #0 - SUBJECT ADDED ENTRY--TOPICAL TERM
Topical term or geographic name as entry element Dragons
Form subdivision Juvenile fiction.
9 (RLIN) 23794
906 ## - LOCAL DATA ELEMENT F, LDF (RLIN)
a 7
b cbc
c copycat
d 3
e ncip
f 20
g y-gencatlg
942 ## - ADDED ENTRY ELEMENTS (KOHA)
Source of classification or shelving scheme Library of Congress Classification
Koha item type Books
Holdings
Withdrawn status Lost status Source of classification or shelving scheme Damaged status Home library Current library Shelving location Date acquired Total Checkouts Full call number Barcode Date last seen Copy number Price effective from Koha item type
    Library of Congress Classification   Luxembourg Library Luxembourg Library Scholastic Reading Center Section 10/03/2013   PZ 7 .R686d4 2005 LEX0888 09/11/2017 1 01/30/2014 Books

The sister of the South /

APA

Rodda E., . (20052004). The sister of the South. New York: Scholastic.

Chicago

Rodda Emily, . 20052004. The sister of the South. New York: Scholastic.

Harvard

Rodda E., . (20052004). The sister of the South. New York: Scholastic.

MLA

Rodda Emily, . The sister of the South. New York: Scholastic. 20052004.

  • Place hold
  • Print
  • Cite
  • Add to your cart (remove)
  • Save record
    BIBTEX Dublin Core MARCXML MARC (non-Unicode/MARC-8) MARC (Unicode/UTF-8) MARC (Unicode/UTF-8, Standard) MODS (XML) RIS
  • More searches
    Search for this title in:
    Other Libraries (WorldCat) Other Databases (Google Scholar) Online Stores (Bookfinder.com) Open Library (openlibrary.org)

Exporting to Dublin Core...

SOUTHVILLE LIBRARY

Southville International School and Colleges Library

1281 Tropical Ave. Cor. Luxembourg St., BF Homes International, Las Pinas City

Tel. No. 8256374 / 252358 Loc. 117/146

Powered by Koha